LEADER 00959cam2 22002893 450 001 SOBE00069369 005 20220114073101.0 010 $a3511047323 100 $a20220114d1970 |||||ita|0103 ba 101 $ager 102 $aDE 200 0 $a2$fAlbert Hermann Post 205 $aRist. anast 210 $aAalen$cScientia Verlag$d1970 215 $aXV, 744 p.$d21 cm. 300 $aRist. anast. dell'ed.: Oldenburg : Schulzeschen Hofbuchhandlung, 1895 461 1$1001SOB0000002252$12001 $aGrundriss der ethnologischen Jurisprudenz / Albert Hermann Post 700 1$aPost$b, Albert Hermann$3AF00009465$4070$0230889 801 0$aIT$bUNISOB$c20220114$gRICA 850 $aUNISOB 852 $aUNISOB$j340.1$m45769 912 $aSOBE00069369 940 $aM 102 Monografia moderna SBN 941 $aW 957 $a340.1$b000472$i-2$gSI$d45769$1rovito$2UNISOB$3UNISOB$420220114073031.0$520220114073101.0$6rovito 996 $a2$92570258 997 $aUNISOB